Revista de derecho penal 2014 Número extraordinario : el anteproyecto de Código Penal de 2013 /

Guardado en:
Otros Autores: Piña, Roxana, (coord.)
Formato: Libro
Idioma:Spanish
Publicado: Santa Fe : Rubinzal Culzoni, 2014.
Edición:1a. ed.
Materias:
Etiquetas: Agregar Etiqueta
Sin Etiquetas, Sea el primero en etiquetar este registro!
LEADER 00617nam a22001695a 4500
001 DER.der015395
008 251103s2014####ag#||||||||||||||#||spa||
005 20251103102833.0
245 1 0 |a Revista de derecho penal 2014 Número extraordinario :  |b el anteproyecto de Código Penal de 2013 /  |c dirigido por Edgardo Alberto Donna y coordinado por Roxana Piña. 
250 |a 1a. ed. 
260 |a Santa Fe :  |b Rubinzal Culzoni,  |c 2014. 
300 |a 556 p. 
020 |a 9789873004780 
700 1 |a Donna, Edgardo Alberto,  |e dir. 
700 1 |a Piña, Roxana,  |e coord. 
650 7 |a DERECHO PENAL 
859 |a DERECHO  |b BIB. DERECHO  |h 345  |i REV  |p 009202